000 00298nam a22001217a 4500
003 OSt
008 221107b |||||||| |||| 00| 0 eng d
041 _aeng
082 _a330.9
_bVIS/MO
100 _aVisvanathan
_95301
245 _aModern economic history of England, America and Russia
942 _cBK
999 _c17577
_d17577